| 000 | 01392nam2a2200325 4500 | ||
|---|---|---|---|
| 001 | RU\NLR\bibl\110495 | ||
| 005 | 20250617091838.0 | ||
| 010 |
_a5-900939-21-9 _91000 |
||
| 021 |
_aRU _b2000-14007п _9517п |
||
| 035 | _a(NLR Aleph) 000108151 | ||
| 090 |
_a612859 _c612859 |
||
| 100 | _a20000929d2000 |||y0rusy50 ca | ||
| 101 | 0 |
_arus _deng |
|
| 102 | _aRU | ||
| 105 | _aa ||||||||| | ||
| 200 | 1 |
_aЛичность. Общество. Федерация _f[Аринин А.Н., д.полит.н., Ашин Г.К., д.филос.н., проф., Васильчук Ю.А., д.филос.н., проф. и др.] |
|
| 210 |
_d2000 _aБ. м. |
||
| 215 |
_a235 с. _cил. |
||
| 300 | _aРез. на англ. яз. | ||
| 320 | _aБиблиогр. в примеч. в конце тр. | ||
| 461 | 0 |
_1001RU\NLR\bibl\113030 _12001#$aСовременная российская цивилизация$vКн. 1 _9627553 _cМ. _d2000 _fИн-т федерализма и гражд. о-ва _nСОВЕРО-ПРИНТ _oСер. науч. тр. _tСовременная российская цивилизация _vКн. 1 |
|
| 701 | 1 |
_aАринин _bА. Н. _4070 |
|
| 701 | 1 |
_aАшин _bГ. К. _4070 |
|
| 701 | 1 |
_aВасильчук _bЮ. А. _4070 |
|
| 801 | 0 |
_aRU _bNLR _c20000929 _gPSBO |
|
| 801 | 1 |
_aRU _bNLR _c20000929 |
|
| 852 |
_aNLR _j2000-3/10571 |
||
| 942 | _cBOOK | ||
| 980 | _aNB | ||